| 000 | 01674nam a22004337a 4500 | ||
|---|---|---|---|
| 003 | CHAP | ||
| 005 | 20220329143608.0 | ||
| 008 | 100809s2010 mx r 00010 spa d | ||
| 010 | _a99029 | ||
| 011 | _a100001 | ||
| 035 | _a110687 | ||
| 040 | _cCHAP | ||
| 090 | _aTesis | ||
| 100 | 1 |
_aMaldonado Núñez, Martha Eleonora. _970120 |
|
| 245 | 1 | 0 |
_aMujeres, artesanía y desarrollo rural endógeno en la región Otomí - Tepegua _c/por Martha Eleonora Maldonado Núñez |
| 260 |
_aChapingo, Méx. : _bEl autor, _c2010 |
||
| 300 |
_aviii, 152 h. : _bcuadros, mapas |
||
| 502 | _aTesis (M.C. en Desarrollo Rural Regional) -- UACH. Dirección de Centros Regionales | ||
| 530 | _aTambién disponible en línea | ||
| 590 |
_aALEPH _b10 _c20130110 _lUCH01 _h1535 |
||
| 590 |
_aBATCH-UPD _b10 _c20130110 _lUCH01 _h0958 |
||
| 590 |
_aBATCH-UPD _b10 _c20130410 _lUCH01 _h0610 |
||
| 590 |
_aBATCH-UPD _b10 _c20130914 _lUCH01 _h0414 |
||
| 590 |
_aBATCH-UPD _b10 _c20140324 _lUCH01 _h1519 |
||
| 590 |
_aBATCH-UPD _b10 _c20141002 _lUCH01 _h0844 |
||
| 590 |
_aCONVERSION _b10 _c20130109 _lUCH01 _h1355 |
||
| 650 | 1 | 4 |
_aArtes y oficios. _97751 |
| 650 | 1 | 4 |
_aDesarrollo rural. _932067 |
| 650 | 1 | 4 |
_aMujer en agricultura. _979359 |
| 650 | 1 | 4 |
_aMujer en comunidades rurales _xHidalgo. _979373 |
| 650 | 1 | 4 |
_aOtomies. _984333 |
| 650 | 1 | 4 |
_aTepehuas _xCondiciones rurales. _9112329 |
| 650 | 1 | 4 |
_aTrabajo de la mujer. _9114490 |
| 856 |
_3Finding aid _uhttp://10.13.5.2/tesis/110687.pdf _zTeclea aqui |
||
| 901 | _aBK | ||
| 942 | _cFOLL | ||
| 949 |
_aTesis _bBC _cTES _d33724002214892 _eTS1 _gDonaciØn _h50934 _i110687 _sb |
||
| 949 |
_aTesis _bBC _cTES _d33724002214934 _eTS2 _fc.2 _gDonaciØn _h50935 _i110687 _sb |
||
| 999 |
_c99029 _d99029 |
||